000 00551nam a2200181Ia 4500
008 090123s9999 xx 000 0 und d
082 _b7877
100 _aमिरासदार द.मा.
245 _aमिरासदारी
250 _a3
260 _bकॉन्टिनेंटल प्रकाशन
300 _a265
600 _aमिरासदार द.मा.
630 _aमिरासदारी
700 _aमिरासदार द.मा.
730 _aमिरासदारी
942 _cBOOK
999 _c45943
_d45943